| 000 | 00694nam a2200205 a 4500 | ||
|---|---|---|---|
| 001 | 000022610 | ||
| 005 | 20200930021709.0 | ||
| 008 | 101014s2002 xxua 000 0 spa d | ||
| 040 |
_aDO-SdBNP _bspa _cBNPHU |
||
| 082 |
_a324.7 _bM857m |
||
| 100 | 1 |
_aMorillo B., Mariano _946529 |
|
| 245 | 1 | 0 |
_aMecanismos y procedimientos para una acción política / _cMariano Morillo B. |
| 260 |
_aNew York _fLinco Printing _c2002. |
||
| 300 |
_a102 P. ; _c23 cm. |
||
| 500 | _aIncluye datos biográficos del autor en la contraportada | ||
| 500 | _aIncluye notas al pie de las páginas | ||
| 504 | _aBibliografía : p. 101-102 | ||
| 650 | 4 |
_aElecciones _zAmerica Latina _bDEMOCRACIA _946530 |
|
| 049 | _aBNPD | ||
| 999 |
_c22107 _d22107 |
||